| 000 | 00395nam a2200145Ia 4500 | ||
|---|---|---|---|
| 008 | 220104s9999 xx 000 0 und d | ||
| 100 | _aNwokolo Emmanuel | ||
| 245 | 0 | _aContent and availability of nutrients in rubber seed meal | |
| 520 | _a(Only reference available) | ||
| 650 | _aContents | ||
| 650 | _aNutrition | ||
| 650 | _aRubber seed meal | ||
| 700 | _aAkpapunam Maurice | ||
| 942 | _cBE | ||
| 999 |
_c47503 _d47503 |
||